Statistiques concernant Chanteurs qui ont entamés une carrière solo

Cliquez ici pour prendre le quiz!

Statistiques générales

  • Ce quiz a été pris 54 fois
    (43 depuis la dernière actualisation)
  • Le résultat moyen est 10 sur 17

Statistiques - réponses

Réponse% Correct
Black M
97%
Gims
95%
Michael Jackson
92%
Beyonce
87%
Harry Styles
85%
Dadju
82%
Justin Timberlake
77%
Camilla Cabello
67%
Fergie
51%
Jean-Louis Aubert
49%
Robbie Williams
49%
Tiakola
44%
Gwen Stefani
41%
Diana Ross
33%
Nicole Scherzinger
23%
Fally Ipupa
8%
Omarion
3%

Distribution des résultats

Percentile par nombre de réponses

% des personnes avec chaque résultat

Votre développement - résultats

Vous n’avez pas pris ce quiz depuis la dernière actualisation